[Event "IECC M1-2011.T003"]
[Site "IECC email"]
[Date "2011.01.09"]
[Round "?"]
[White "Boyce, Harry"]
[Black "Osman, Can"]
[Result "1/2-1/2"]
[WhiteElo "1895"]
[BlackElo "2024"]
[PlyCount "62"]
[EventDate "2011.??.??"]
[EventType "match (corr)"]
[EventRounds "2"]
[SourceTitle "Telechess CBM 145"]
[Source "Chessbase"]
[SourceDate "2011.11.11"]
[SourceVersion "1"]
[SourceVersionDate "2011.11.11"]
[SourceQuality "1"]
[WhiteTeam "Australia"]
[BlackTeam "Turkey"]
[WhiteTeamCountry "AUS"]
[BlackTeamCountry "TUR"]

1. e4 e5 2. Nc3 Nf6 3. Nf3 Nc6 4. Bb5 Nd4 5. Nxd4 exd4 6. e5 dxc3 7. exf6 Qxf6 8. dxc3 Qe5+ 9. Qe2 Qxe2+ 10. Kxe2 c6 11. Bd3 d5 12. Re1 Be6 13. Bf4 Kd7 14. Kf3 Bd6 15. h4 f6 16. Re3 g6 17. Rae1 Bf7 18. h5 Bc5 19. R3e2 b5 20. Rh1 a5 21. g4 Rag8 22. a3 Bd6 23. Ree1 Bxf4 24. hxg6 hxg6 25. Kxf4 Rf8 26. g5 Rxh1 27. Rxh1 Be8 28. Rh2 Ke6 29. gxf6 Kxf6 30. Ke3 g5 31. Kd4 Ke6 1/2-1/2

[Event "IECC CL2-2010.06 email"]
[Site "IECC email"]
[Date "2010.11.23"]
[Round "?"]
[White "Futida, Souitiro"]
[Black "Osman, Can"]
[Result "1-0"]
[WhiteElo "2164"]
[BlackElo "2027"]
[PlyCount "71"]
[EventDate "2010.??.??"]
[EventType "tourn (corr)"]
[EventRounds "4"]
[SourceTitle "Telechess CBM 145"]
[Source "Chessbase"]
[SourceDate "2011.11.11"]
[SourceVersion "1"]
[SourceVersionDate "2011.11.11"]
[SourceQuality "1"]
[WhiteTeam "Brazil"]
[BlackTeam "Turkey"]
[WhiteTeamCountry "BRA"]
[BlackTeamCountry "TUR"]

1. d4 Nf6 2. Nf3 e6 3. c4 d5 4. Nc3 Be7 5. Qc2 0-0 6. Bg5 Nbd7 7. cxd5 exd5 8. e3 Re8 9. Bd3 Nf8 10. 0-0 c6 11. h3 Be6 12. Bf4 Rc8 13. Rfc1 h6 14. Rab1 N8d7 15. b4 Nb6 16. a4 Bd6 17. Ne2 Nc4 18. Bxc4 dxc4 19. e4 Nxe4 20. Qxe4 Bd5 21. Qf5 Be4 22. Qg4 Bxb1 23. Rxb1 Bxf4 24. Nxf4 Qd6 25. Nh5 g6 26. Ng3 Rcd8 27. Nf5 Qf6 28. Ne3 b5 29. h4 h5 30. Qg5 Qxg5 31. hxg5 a6 32. Kf1 Re6 33. Rd1 Kg7 34. axb5 axb5 35. Ra1 Ra8 36. Rxa8 1-0

[Event "IECC CL2-2010.06 email"]
[Site "IECC email"]
[Date "2010.11.23"]
[Round "?"]
[White "Osman, Can"]
[Black "Agulnick, Michael"]
[Result "1/2-1/2"]
[WhiteElo "2017"]
[BlackElo "2103"]
[PlyCount "73"]
[EventDate "2010.??.??"]
[EventType "tourn (corr)"]
[EventRounds "4"]
[SourceTitle "Telechess CBM 145"]
[Source "Chessbase"]
[SourceDate "2011.11.11"]
[SourceVersion "1"]
[SourceVersionDate "2011.11.11"]
[SourceQuality "1"]
[WhiteTeam "Turkey"]
[BlackTeam "US of America"]
[WhiteTeamCountry "TUR"]
[BlackTeamCountry "USA"]

1. e4 e5 2. Nf3 Nc6 3. Bb5 Nf6 4. d3 d6 5. 0-0 Be7 6. Re1 0-0 7. c3 Bd7 8. Nbd2 a6 9. Ba4 b5 10. Bc2 h6 11. Nf1 Re8 12. h3 Bf8 13. d4 a5 14. Ng3 a4 15. Bd3 Na5 16. b4 Nc4 17. Nd2 exd4 18. cxd4 Nxd2 19. Bxd2 c5 20. e5 dxe5 21. dxc5 Bc6 22. Qc2 Qc7 23. Rad1 Rad8 24. a3 Qb7 25. f3 Bd5 26. Qb1 Qc6 27. Bc2 Qc7 28. Bc1 g6 29. Bb2 Bg7 30. Qa1 Nh7 31. f4 Qc6 32. Ne4 Nf6 33. Nxf6+ Bxf6 34. Rd2 Bf3 35. Qc1 exf4 36. Bxf6 Qxf6 37. gxf3 1/2-1/2

[Event "IECC M1-2010.T088"]
[Site "IECC email"]
[Date "2010.11.19"]
[Round "?"]
[White "Koolsbergen, Nico"]
[Black "Osman, Can"]
[Result "1/2-1/2"]
[WhiteElo "1857"]
[BlackElo "2034"]
[PlyCount "74"]
[EventDate "2010.??.??"]
[EventType "match (corr)"]
[EventRounds "2"]
[SourceTitle "Telechess CBM 149"]
[Source "ChessBase"]
[SourceDate "2012.07.17"]
[SourceVersion "1"]
[SourceVersionDate "2012.07.17"]
[SourceQuality "1"]
[WhiteTeam "Netherlands"]
[BlackTeam "Turkey"]
[WhiteTeamCountry "NED"]
[BlackTeamCountry "TUR"]

1. c4 Nf6 2. d4 g6 3. Nc3 Bg7 4. e4 d6 5. f4 0-0 6. Nf3 c5 7. d5 e6 8. Be2 exd5 9. cxd5 Bg4 10. 0-0 Nbd7 11. Re1 Re8 12. h3 Bxf3 13. Bxf3 Qa5 14. Be3 b5 15. a3 Nb6 16. e5 Nfd7 17. Qc1 dxe5 18. d6 e4 19. Nxe4 Nc4 20. Bd2 Bd4+ 21. Kh1 Qb6 22. Ra2 Rac8 23. a4 a6 24. axb5 axb5 25. b3 Nxd6 26. Nxd6 Qxd6 27. Rxe8+ Rxe8 28. Qf1 Be3 29. Qe2 Qe6 30. Qd3 c4 31. bxc4 bxc4 32. Qxe3 Qxe3 33. Bxe3 Rxe3 34. Kg1 Kg7 35. Kf2 Rb3 36. Ra7 Nb6 37. g4 c3 1/2-1/2

[Event "IECC M1-2010.T043"]
[Site "IECC email"]
[Date "2010.06.13"]
[Round "?"]
[White "Osman, Can"]
[Black "Koolsbergen, Nico"]
[Result "1/2-1/2"]
[WhiteElo "1994"]
[BlackElo "1868"]
[PlyCount "79"]
[EventDate "2010.??.??"]
[EventType "match (corr)"]
[EventRounds "2"]
[SourceTitle "Telechess CBM 149"]
[Source "ChessBase"]
[SourceDate "2012.07.17"]
[SourceVersion "1"]
[SourceVersionDate "2012.07.17"]
[SourceQuality "1"]
[WhiteTeam "Turkey"]
[BlackTeam "Netherlands"]
[WhiteTeamCountry "TUR"]
[BlackTeamCountry "NED"]

1. d4 Nf6 2. c4 g6 3. Nc3 d6 4. e4 Bg7 5. Nf3 0-0 6. Be2 Nbd7 7. 0-0 e5 8. Qc2 exd4 9. Nxd4 Nc5 10. Rd1 Re8 11. f3 a5 12. Ndb5 Bd7 13. Be3 b6 14. Rac1 Nh5 15. Nd5 c6 16. Nxd6 cxd5 17. Nxe8 Qxe8 18. cxd5 Be5 19. Qd2 Bd6 20. g3 Rc8 21. Bd4 f5 22. exf5 gxf5 23. Qg5+ Qg6 24. f4 Qxg5 25. fxg5 Ng7 26. Kg2 f4 27. g4 Ne8 28. Kf3 Nc7 29. Bc4 Kf7 30. h4 Nb5 31. Bg1 a4 32. Re1 Rb8 33. Rc2 Kf8 34. Rd2 Rc8 35. Rde2 a3 36. b3 Nc7 37. Rd2 N7a6 38. Bf1 Nb4 39. Bd4 Be8 40. Bh8 1/2-1/2